Curso de derecho constitucional: bases conceptuales y doctrinarias del derecho constitucional

Tallennettuna:
Bibliografiset tiedot
Päätekijä: Vivanco Martínez, Ángela (autora)
Aineistotyyppi: Kirja
Kieli:espanja
Julkaistu: Santiago, Chile: Universidad Católica de Chile, 2007
Painos:Segunda edición ampliada
Sarja:Textos Universitarios
Aiheet:
Tagit: Lisää tagi
Ei tageja, Lisää ensimmäinen tagi!

MARC

LEADER 00000nam a2200000 a 4500
001 UCI8693
003 CL-VaPUC
005 20250410163655.0
008 080922e20070000CL |||||||||||||||||spa|d
999 |c 331503  |d 331501 
020 |a 9789561409217t.1 
020 |a 9789561409200o.c 
040 |c Pontificia Universidad Católica de Valparaíso 
082 0 4 |a 342.83 VIV 2007  |2 21 
100 1 |a Vivanco Martínez, Ángela  |e autora  |9 901980 
245 1 0 |a Curso de derecho constitucional: bases conceptuales y doctrinarias del derecho constitucional 
250 |a Segunda edición ampliada 
260 |a Santiago, Chile:  |b Universidad Católica de Chile,  |c 2007 
300 |a Tomo I; 457 páginas 
490 0 |a Textos Universitarios 
583 |a last modification  |c 20080922 00:00:00  |k Rodrigo Vera 
650 0 |a Derecho constitucional chileno  |9 478271 
650 0 |a Constitución política de 1980  |9 256495 
650 0 |a Derecho político   |9 257756 
942 |c BK  |2 ddc 
945 |d 20080922 00:00:00  |a jtorresc 
952 |0 0  |1 0  |4 0  |6 342_830000000000000_VIV_2007  |7 0  |8 A  |9 418219  |a BIBDER  |b BIBDER  |d 2019-11-22  |h t.I  |i 4482492  |l 5  |o 342.83 VIV 2007  |p 4482492  |r 2024-03-14  |s 2024-03-05  |w 2019-11-22  |y BK  |k DER 
952 |0 0  |1 0  |4 0  |6 342_830000000000000_VIV_2007  |7 0  |8 A  |9 418220  |a BIBDER  |b BIBDER  |d 2019-11-22  |h t.I  |i 4482506  |o 342.83 VIV 2007  |p 4482506  |r 2023-01-25  |w 2019-11-22  |y BK  |k DER 
952 |0 0  |1 0  |4 0  |6 342_830000000000000_VIV_2007  |7 0  |8 A  |9 418221  |a BIBDER  |b BIBDER  |d 2019-11-22  |h t.I  |i 448889K  |o 342.83 VIV 2007  |p 448889K  |r 2023-01-25  |w 2019-11-22  |y BK  |k DER 
952 |0 0  |1 0  |4 0  |6 342_830000000000000_VIV_2007  |7 0  |8 A  |9 418222  |a BIBDER  |b BIBDER  |d 2019-11-22  |h t.I  |i 4488067  |o 342.83 VIV 2007  |p 4488067  |r 2023-01-25  |w 2019-11-22  |y BK  |k DER